| 000 | 01225nam a22003497a 4500 | ||
|---|---|---|---|
| 003 | CHAP | ||
| 005 | 20220329143622.0 | ||
| 008 | 101013s2008 mx r 00010 spa d | ||
| 010 | _a99420 | ||
| 011 | _a100392 | ||
| 035 | _a111078 | ||
| 040 | _cCHAP | ||
| 090 | _aTesis | ||
| 100 | 1 |
_aGonzález Velázquez, Maricruz. _949479 |
|
| 245 | 1 | 0 |
_aRendimiento de 23 líneas mutantes de soya para consumo humano _c/por Maricruz González Velázquez |
| 260 |
_aCocula, Gro. : _bEl autor, _c2008 |
||
| 300 |
_aiv, 67 h. : _bilus., cuadros |
||
| 502 | _aTesis (Ing. Agr. Fitotecnista) -- CSAEGRO. Centro de Estudios Profesionales | ||
| 590 |
_aALEPH _b10 _c20130110 _lUCH01 _h1536 |
||
| 590 |
_aBATCH-UPD _b10 _c20130110 _lUCH01 _h1152 |
||
| 590 |
_aBATCH-UPD _b10 _c20130410 _lUCH01 _h0736 |
||
| 590 |
_aBATCH-UPD _b10 _c20130914 _lUCH01 _h0220 |
||
| 590 |
_aCONVERSION _b10 _c20130109 _lUCH01 _h1355 |
||
| 650 | 1 | 4 |
_aAlimentos irradiados. _94314 |
| 650 | 1 | 4 |
_aAlimentos _xConsumo _zGuerrero. _94201 |
| 650 | 1 | 4 |
_aSoya _xMejoramiento. _9109069 |
| 650 | 1 | 4 |
_aSoya _xRendimiento. _9109084 |
| 650 | 1 | 4 |
_aSoya _xSemilla. _9109087 |
| 901 | _aBK | ||
| 942 | _cTESIS | ||
| 949 |
_aTesis _bBC _cTES _d33724002213934 _eTS1 _gDonaciØn _h51131 _i111078 _sb |
||
| 999 |
_c99420 _d99420 |
||